Water plants : A Study of Aquatic Angiosperms (Record no. 38604)
[ view plain ]
| 000 -LEADER | |
|---|---|
| fixed length control field | 02095nam a22002777a 4500 |
| 003 - CONTROL NUMBER IDENTIFIER | |
| control field | CUTN |
| 005 - DATE AND TIME OF LATEST TRANSACTION | |
| control field | 20230510120639.0 |
| 008 - FIXED-LENGTH DATA ELEMENTS--GENERAL INFORMATION | |
| fixed length control field | 230510b |||||||| |||| 00| 0 eng d |
| 020 ## - INTERNATIONAL STANDARD BOOK NUMBER | |
| International Standard Book Number | 9789387867642 |
| 041 ## - LANGUAGE CODE | |
| Language | English |
| 082 ## - DEWEY DECIMAL CLASSIFICATION NUMBER | |
| Edition number | 23rd |
| Classification number | 581.92 |
| Item number | ARB |
| 100 ## - MAIN ENTRY--PERSONAL NAME | |
| Personal name | Agnes Arber |
| 245 ## - TITLE STATEMENT | |
| Title | Water plants : A Study of Aquatic Angiosperms |
| 260 ## - PUBLICATION, DISTRIBUTION, ETC. (IMPRINT) | |
| Place of publication, distribution, etc | Chennai: |
| Name of publisher, distributor, etc | Maven Books, |
| Date of publication, distribution, etc | © 2020. |
| 300 ## - PHYSICAL DESCRIPTION | |
| Extent | xvi, 436 p.: |
| Other physical details | ill.; |
| Dimensions | 23cm. |
| 505 ## - FORMATTED CONTENTS NOTE | |
| Contents | <br/>Preface;<br/><br/> Part I. Water Plants as a Biological Group, with a Consideration of Certain Typical Life-histories: <br/><br/>1. Water plants as a biological group; <br/><br/>2. The life-history of the Alismaceae;<br/><br/> 3. The life-history of the Nymphaeaceae and of Limnanthemum;<br/><br/> 4. The life-history of Hydrocharis, Stratiotes, and other fresh-water |
| 520 ## - SUMMARY, ETC. | |
| Summary, etc | Agnes Arber (1879-1960) was a prominent British botanist specialising in plant morphology and comparative anatomy. In 1946, she became the first female botanist to be elected a Fellow of the Royal Society. First published in 1920, this volume provides a detailed anatomical study of aquatic flowering plants, with a discussion of their evolutionary history. Arber describes the general anatomical and reproductive organs, life histories and physiological adaptations of aquatic plants in detail, with interpretations informed from her previous experimental work. The final section of this volume discusses the evolutionary history of aquatic plants in the light of affinities to terrestrial flowering plants. Arber's account of aquatic plants was the first general description of these plants published, and provides a classic example of the comparative anatomy studies which were central to botanical investigation during the early twentieth century. An extensive bibliography and over 170 illustrations are included in this volume |
| 650 ## - SUBJECT ADDED ENTRY--TOPICAL TERM | |
| Topical term or geographic name as entry element | Aquatic plants |
| 650 ## - SUBJECT ADDED ENTRY--TOPICAL TERM | |
| Topical term or geographic name as entry element | Flore d'eau douce |
| 650 ## - SUBJECT ADDED ENTRY--TOPICAL TERM | |
| Topical term or geographic name as entry element | Marine plants |
| 650 ## - SUBJECT ADDED ENTRY--TOPICAL TERM | |
| Topical term or geographic name as entry element | Flore marine |
| 650 ## - SUBJECT ADDED ENTRY--TOPICAL TERM | |
| Topical term or geographic name as entry element | Freshwater plants |
| 650 ## - SUBJECT ADDED ENTRY--TOPICAL TERM | |
| Topical term or geographic name as entry element | Plantes aquatiques |
| 690 ## - LOCAL SUBJECT ADDED ENTRY--TOPICAL TERM (OCLC, RLIN) | |
| Department Name | Department of Horticulture |
| 942 ## - ADDED ENTRY ELEMENTS (KOHA) | |
| Source of classification or shelving scheme | Dewey Decimal Classification |
| Koha item type | Text Books |
| Withdrawn status | Lost status | Source of classification or shelving scheme | Damaged status | Not for loan | Collection code | Home library | Location | Shelving location | Date of Cataloging | Total Checkouts | Total Renewals | Full call number | Barcode | Date last seen | Date checked out | Price effective from | Koha item type |
|---|---|---|---|---|---|---|---|---|---|---|---|---|---|---|---|---|---|
| Dewey Decimal Classification | Non-fiction | CUTN Central Library | CUTN Central Library | Sciences | 10/05/2023 | 1 | 2 | 581.92 ARB | 46061 | 08/08/2025 | 19/05/2025 | 10/05/2023 | Text Books |
